Key concepts in modern Indian studies / (Record no. 94816)

MARC details
000 -LEADER
fixed length control field 00745nam a22002177a 4500
005 - DATE AND TIME OF LATEST TRANSACTION
control field 20150902110734.0
010 ## - LCCN (DPL NO)
LC control number ENG-113432
020 ## - INTERNATIONAL STANDARD BOOK NUMBER
International Standard Book Number 019945275x
Terms of availability 1195.00
020 ## - INTERNATIONAL STANDARD BOOK NUMBER
International Standard Book Number 9780199452750
Terms of availability 1195.00
035 ## - SYSTEM CONTROL NUMBER
System control number EN-96964
037 ## - SOURCE OF ACQUISITION
Source of stock number/acquisition DBAD/PUB
082 ## - DEWEY DECIMAL CLASSIFICATION NUMBER
Classification number 954
245 ## - TITLE STATEMENT
Title Key concepts in modern Indian studies /
Statement of responsibility, etc edited by Gita Dharampal- Frick...[et al]
260 ## - PUBLICATION, DISTRIBUTION, ETC. (IMPRINT)
Place of publication, distribution, etc New Delhi
Name of publisher, distributor, etc Oxford University Press
Date of publication, distribution, etc 2015
270 ## - ADDRESS
Address YMCA Library Building, 1 Jai Singh Road
City New Delhi
Postal code 110001
300 ## - PHYSICAL DESCRIPTION
Extent xvi,326p.
Dimensions 23cm(Hb)
500 ## - GENERAL NOTE
General note "Also available as an ebook"--Title page verso.
500 ## - GENERAL NOTE
General note Includes bibliographical references and index.
700 ## - ADDED ENTRY--PERSONAL NAME
Personal name Dharampal-Frick, Gita
942 ## - ADDED ENTRY ELEMENTS (KOHA)
Source of classification or shelving scheme Dewey Decimal Classification
Item type English Books
Call number suffix KEY
Classification part 954
Holdings
Withdrawn status Lost status Not for loan Collection code Home library Current library Date acquired Source of acquisition Cost, normal purchase price Full call number Barcode Copy number Cost, replacement price Koha item type
    Not For Loan Non-fiction D.B.Act.Division D.B.Act.Division 10/07/2015 DBAD/PUB 1195.00 954 KEY EN-96964 1 1195.00 English Books

© Delhi Public Library
Hit Counter
free hit counter